| 000 | 00576cab a2200193 4500 | ||
|---|---|---|---|
| 001 | WB2331-41 | ||
| 008 | 090401t1987 xxu||||| |||| 00| 0 eng d | ||
| 035 | _a(Sirsi) u60006 | ||
| 041 | _aeng | ||
| 245 | _aFuture office rents | ||
| 260 | _c1987 | ||
| 350 | _a0 | ||
| 490 |
_aEstates Gazette _v283(6345) 1/8/87 p518 |
||
| 520 | _aResearch has shown that office rents by 1989 could be near 40 in Victoria and more than £50 in the City of London . | ||
| 650 | _aAPPLIED PROPERTY RESEARCH | ||
| 690 | _aPROPERTY-COMMERCIAL PROPERTY | ||
| 942 | _n0 | ||
| 948 | _c04/03/1997 | ||
| 999 |
_c36939 _d36939 |
||